000 00963nam a22002777a 4500
005 20170208111830.0
010 _aENG-113444
020 _c375.00
_a9789350353479
035 _aEN-96976
037 _bDBAD/PUB
082 _a343.5409944
100 _aDuggal, Pavan
245 _aLaw relating to iPads, tablets smartphones & smart devices /
_cby Pavan Duggal
260 _aDelhi
_bUniversal Law Publishing
_c2013
270 _aA-58, G.T. Karnal Road Industrial Area,
_bDelhi
_e110033
300 _axi,243p.
_c25cm(Hb)
500 _aIncludes index
650 _aComputers
_xLaw and legislation
_z India.
650 _a Information technology
_xLaw and legislation
_z India.
650 _aComputer networks
_xLaw and legislation
_z India.
650 _a Mobile communication systems
_xSecurity measures.
650 _a iPad (Computer)
650 _aTablet computers.
650 _a Smartphones.
942 _2ddc
_cEN
_mDUG
_h343.5409944
999 _c94848
_d94848